00929nam a22002532a 45000010005000000030008000050050017000130080041000300200021000710350050000920400032001420410008001740820017001821000032001992450065002312600039002963000059003355000061003945000019004556500035004749420012005099990015005219520139005368748BD-RjUL20211208234637.0190114r19801979enkacdf 001 0 eng d a0553137492 (pbk) aOCLC ocm16476509 from D960116Ma(BD-RjUL)8793 aUKMcUKMdEQOdBD-RjULbeng aeng a523219bKAB1 aKaufmann, William J.92721110aBlack holes and warped spacetime /cWilliam J. Kaufmann, III aToronto ;aLondon :bBantam,c1980 ax, 225 p. :bill. (some col.), charts, ports. ;c18 cm aOriginally published: San Francisco : W.H. Freeman, 1979 aIncludes index 0aBlack holes (Astronomy)927212 2ddccBK c8748d8748 00102ddc40718NFICaRUCLbRUCLcstackd1987-08-18eAsia Foundationg0.00l0o523 KAB 1980r2014-01-19 00:00:00tC-1w2014-01-19yBK